| 000 | 00659nam a22001937a 4500 | ||
|---|---|---|---|
| 005 | 20241211105851.0 | ||
| 010 | _a B-761441 | ||
| 020 |
_a9788181536576 _c350.00 |
||
| 035 | _aB-761441 | ||
| 037 | _bGift | ||
| 082 | _a503 | ||
| 245 |
_aRainbow Science Encyclopedia; _cA Book of Questions & Answers (2)/ _bEdited by- Aankanksha & Anand |
||
| 260 |
_aDelhi _bRainbow Books _c2019(repr.) |
||
| 270 |
_aF-32, Street No.12, Parwana Road, Jagat Puri, _b Delhi _e110051 |
||
| 300 |
_a104p. _c25cm(Hb) _bcol.ill. |
||
| 700 |
_aAakanksha _955845 |
||
| 942 |
_2ddc _cCH _mRAI _h503 |
||
| 999 |
_c207553 _d207553 |
||